00465 a2200157 4500010001400000020002600014035001300040037001500053082001200068100002000080245007000100260004400170270004700214300002800261700001800289 aENG-88047 a9788120332614c225.00 aEN-71580 bDBAD / PUB14a005.2681 aPialorsi, Paolo1 aIntroducing microsoft LINQ /cby Paolo Pialorsi [and] Marco Russo aNew DelhibPrentice-Hall of Indiac2007 aM-97, Cannaught CircusbNew Delhie110 001 axi, 228 p.c24 cm (Pbk) aRusso, Marco